Ateliérová tvorba I. II.

Gespeichert in:
Bibliographische Detailangaben
Hauptverfasser: Zábojník, Jozef (Verfasst von), Bacigálová, J (Verfasst von)
Format: Buch
Sprache:Slowakisch
Veröffentlicht: Bratislava : SVŠT v Bratislave, 1991
Ausgabe:1. vyd.
Tags: Tag hinzufügen
Keine Tags, Fügen Sie das erste Tag hinzu!

MARC

LEADER 00000nam a22000003a 4500
001 stu12020
005 20150617225802.8
008 951123s1991----cs------------------slo-d
040 |a STU  |b slo 
041 0 |a slo 
044 |a cs 
100 1 |a Zábojník, Jozef  |4 aut 
245 1 |a Ateliérová tvorba I. II. 
250 |a 1. vyd. 
260 |a Bratislava :  |b SVŠT v Bratislave,  |c 1991 
300 |a 135 s 
700 1 |a Bacigálová, J  |4 aut 
996 |b 284AS02333  |c A*2363 S  |l AAKNST  |s P  |a 0  |w stu12020_0001